000 00352cam a22001217a 4500
008 180718b1870 xxu||||| |||| 00| 0 eng d
082 _aA6x54 T216
100 _aTaylor, Meadows
245 _aStudent's manual of the history of India
_cby Meadows Taylor
260 _aLondon
_bLongmans, Green and Co.
_c1870
300 _a882p.
650 _aIndia --History
999 _c438129
_d438129